00340 a2200133 450000100060000002000180000604000220002410000180004624000360006424500310010030000070013136200090013865000590014759950 a9783190016365 cAnchieta - Pituba aEppert, Franz10aDeutsch mit vater und sohnlpor10aDeutsch mit vater und sohn a900 a2001 4aLínguas germânicas (teutônicas) língua alemã